Napoleón y Wellington / (Record no. 179036)
[ view plain ]
| 000 -LEADER | |
|---|---|
| campo de control de longitud fija | 01149nam a2200325 4500 |
| 001 - NÚMERO DE CONTROL | |
| campo de control | 179036 |
| 003 - IDENTIFICADOR DE NÚMERO DE CONTROL | |
| campo de control | ES-MaACL |
| 005 - FECHA Y HORA DE LA ÚLTIMA TRANSACCIÓN | |
| campo de control | 20250720154503.0 |
| 008 - DATOS DE LONGITUD FIJA--INFORMACIÓN GENERAL | |
| campo de control de longitud fija | 110823s2008 sp acef |||| |dspa d |
| 020 ## - NÚMERO INTERNACIONAL ESTÁNDAR DEL LIBRO | |
| Número Internacional Estándar del Libro | 978-84-934215-6-4 |
| 080 ## - NÚMERO DE LA CLASIFICACIÓN DECIMAL UNIVERSAL | |
| Número de la Clasificación Decimal Universal | 929 Napoleón (44) I |
| 080 ## - NÚMERO DE LA CLASIFICACIÓN DECIMAL UNIVERSAL | |
| Número de la Clasificación Decimal Universal | 929 Wellington, Arthur Wellesley, Duke of |
| 080 ## - NÚMERO DE LA CLASIFICACIÓN DECIMAL UNIVERSAL | |
| Número de la Clasificación Decimal Universal | 355.48(4)"1815" |
| 100 1# - ENTRADA PRINCIPAL--NOMBRE DE PERSONA | |
| Nombre de persona | Roberts, Andrew. |
| 9 (RLIN) | 147709 |
| 245 10 - MENCIÓN DEL TÍTULO | |
| Título | Napoleón y Wellington / |
| Mención de responsabilidad, etc. | Andrew Roberts ; traducción de Fernando Miranda. |
| 260 ## - PUBLICACIÓN, DISTRIBUCIÓN, ETC. | |
| Lugar de publicación, distribución, etc. | Granada : |
| Nombre del editor, distribuidor, etc. | Almed, |
| Fecha de publicación, distribución, etc. | [2008] |
| 300 ## - DESCRIPCIÓN FÍSICA | |
| Extensión | XL, 420 p., [24] p. de lám. col. y n. : |
| Otras características físicas | mapa, plano ; |
| Dimensiones | 20 cm. |
| 490 1# - MENCIÓN DE SERIE | |
| Mención de serie | Historia |
| 500 ## - NOTA GENERAL | |
| Nota general | Cronología. |
| 500 ## - NOTA GENERAL | |
| Nota general | Índice. |
| 504 ## - NOTA DE BIBLIOGRAFÍA, ETC. | |
| Nota de bibliografía, etc. | Bibliografía: p. 397-409, 411-412. |
| 600 07 - PUNTO DE ACCESO ADICIONAL DE MATERIA--NOMBRE DE PERSONA | |
| Nombre de persona | Napoleón |
| Numeración | I |
| Títulos y otros términos asociados al nombre | , Emperador de Francia. |
| 9 (RLIN) | 84910 |
| 600 17 - PUNTO DE ACCESO ADICIONAL DE MATERIA--NOMBRE DE PERSONA | |
| Nombre de persona | Wellington, Arthur Wellesley |
| Títulos y otros términos asociados al nombre | Duke of. |
| 9 (RLIN) | 116448 |
| 650 ## - PUNTO DE ACCESO ADICIONAL DE MATERIA--TÉRMINO DE MATERIA | |
| Término de materia o nombre geográfico como elemento de entrada | Batalla de Waterloo, 1815. |
| 9 (RLIN) | 176211 |
| 700 1# - ENTRADA AGREGADA--NOMBRE PERSONAL | |
| Nombre de persona | Miranda, Fernando |
| 9 (RLIN) | 147464 |
| 830 0# - PUNTO DE ACCESO ADICIONAL DE SERIE-TÍTULO UNIFORME | |
| Título uniforme | Historia |
| 9 (RLIN) | 177536 |
| 852 ## - LOCALIZACIÓN | |
| Ubicación | ES-MaACL |
| Número de control de estantería | A-11430 |
| itemnumber | 185905 |
| Sublocalización o colección | R.145894 |
| Ubicación en estantería | Depósito 1 |
| Signatura antigua | Olim: N-4434 |
| 942 ## - ELEMENTOS DE ENTRADA SECUNDARIOS (KOHA) | |
| Fuente del sistema de clasificación o colocación | Clasificación decimal universal |
| Tipo de ítem Koha | Libro impreso |
| Estatus retirado | Estado de pérdida | Fuente del sistema de clasificación o colocación | Estado de daño | No para préstamo | Biblioteca de origen | Biblioteca actual | Ubicación en estantería | Fecha de adquisición | Fuente de adquisición | Total de préstamos | Signatura topográfica completa | Código de barras | Visto por última vez | Precio de reemplazo | Tipo de ítem Koha |
|---|---|---|---|---|---|---|---|---|---|---|---|---|---|---|---|
| Clasificación decimal universal | Biblioteca del Ateneo de Madrid | Biblioteca del Ateneo de Madrid | Depósito 1 | 23/08/2011 | Compra | A-11430 | 1188066 | 23/02/2023 | 23/02/2023 | Libro impreso |
